Doble desafío: reformar los sistemas de pensiones para expandir la cobertura

Guardat en:
Dades bibliogràfiques
Format: Text
Matèries:
Etiquetes: Afegir etiqueta
Sense etiquetes, Sigues el primer a etiquetar aquest registre!

MARC

LEADER 00000 a a2200000 04500
001 10273
003
040
245 |a Doble desafío:   |b reformar los sistemas de pensiones para expandir la cobertura  
650 |a PENSIONES DE JUBILACION  
650 |a CAMBIOS DEMOGRAFICOS  
650 |a AMERICA LATINA  
650 |a POBREZA  
650 |a PENSIONES DE JUBILACION  
773 |g número 45; páginas 5-6  
999 |c 22197  |d 22197